[Event "Antioquia op"]
[Site "Antioquia"]
[Date "2020.03.07"]
[Round "8"]
[White "Yepez, Yeison Alexander"]
[Black "Loaiza Cuervo, Santiago"]
[Result "0-1"]
[WhiteElo "1929"]
[BlackElo "1655"]
[PlyCount "70"]
[EventDate "2020.03.03"]
[EventType "swiss"]
[EventRounds "9"]
[EventCountry "COL"]
[SourceTitle "CBM 195 Extra"]
[Source "ChessBase"]
[SourceDate "2020.05.31"]
[SourceVersion "1"]
[SourceVersionDate "2020.05.31"]
[SourceQuality "1"]

1. d4 Nf6 2. c4 g6 3. Nc3 Bg7 4. e4 d6 5. Nf3 0-0 6. Be2 e5 7. 0-0 Nc6 8. d5 Ne7 9. Ne1 Nd7 10. Be3 f5 11. f3 f4 12. Bf2 Nf6 13. Nd3 g5 14. Rc1 Ng6 15. Qc2 Rf7 16. c5 g4 17. cxd6 cxd6 18. Nb5 g3 19. hxg3 fxg3 20. Bxg3 Nh5 21. Be1 Qb6+ 22. Bf2 Qxb5 23. Nxe5 Qxe2 24. Qxe2 Bxe5 25. Rc2 Ngf4 26. Qb5 Bd7 27. Qxb7 Raf8 28. Qa6 Rg7 29. Bh4 Bh3 30. Rff2 Kh8 31. Kh1 Rfg8 32. g4 Bxg4 33. fxg4 Rxg4 34. Rc8 Rg1+ 35. Kh2 Ne2+ 0-1

[Event "Medellin Aristizabal Cup"]
[Site "Medellin"]
[Date "2020.02.01"]
[Round "4"]
[White "Restrepo, Hugo"]
[Black "Yepez, Yeison Alexander"]
[Result "0-1"]
[WhiteElo "1687"]
[BlackElo "1944"]
[PlyCount "66"]
[EventDate "2020.01.29"]
[EventType "swiss"]
[EventRounds "7"]
[EventCountry "COL"]
[SourceTitle "CBM 194 Extra"]
[Source "ChessBase"]
[SourceDate "2020.03.31"]
[SourceVersion "1"]
[SourceVersionDate "2020.03.31"]
[SourceQuality "1"]

1. e4 c5 2. Nf3 d6 3. d4 cxd4 4. Nxd4 Nf6 5. Nc3 a6 6. Bg5 e6 7. f4 Qb6 8. Qd2 Qxb2 9. Rb1 Qa3 10. Be2 Be7 11. 0-0 Qa5 12. f5 Nc6 13. Nxc6 bxc6 14. fxe6 fxe6 15. Kh1 0-0 16. Nd5 Qd8 17. Nxe7+ Qxe7 18. Bf3 e5 19. Rfd1 Rd8 20. c4 Be6 21. Qe2 a5 22. Qc2 Qa7 23. Rd3 Qa6 24. Rc3 Rab8 25. Rd1 c5 26. Be2 Rb6 27. Ra3 Ra8 28. Bd2 a4 29. Rb1 Rxb1+ 30. Qxb1 Bxc4 31. Bxc4+ Qxc4 32. Re3 Ng4 33. Re1 Rf8 0-1

[Event "Pan American-ch U20"]
[Site "Guatape"]
[Date "2016.06.21"]
[Round "2"]
[White "Lopez Gonzalez, Carlos Andres"]
[Black "Yepez, Yeison Alexander"]
[Result "0-1"]
[WhiteElo "1482"]
[BlackElo "1968"]
[PlyCount "75"]
[EventDate "2016.06.20"]
[EventType "swiss"]
[EventRounds "9"]
[EventCountry "COL"]
[SourceTitle "EXT 2017"]
[Source "ChessBase"]
[SourceDate "2016.10.25"]
[SourceVersion "1"]
[SourceVersionDate "2016.10.25"]
[SourceQuality "1"]

1. e4 c5 2. Nf3 d6 3. d4 cxd4 4. Nxd4 Nf6 5. Nc3 a6 6. g3 b5 7. a3 Bb7 8. Bg2 e6 9. 0-0 Qc7 10. h3 Be7 11. Be3 Nbd7 12. Nb3 Nb6 13. Na5 e5 14. Nxb7 Qxb7 15. Bxb6 Qxb6 16. Nd5 Nxd5 17. Qxd5 0-0 18. Rfd1 Rac8 19. c3 a5 20. Qb3 Rb8 21. Rd5 Rfc8 22. Bf1 Rc5 23. Rad1 Rb7 24. Rxc5 dxc5 25. Qd5 Qc7 26. Be2 a4 27. Kg2 g6 28. b4 axb3 29. Qxb3 c4 30. Qb2 Qc5 31. Rd5 Qxa3 32. Qxa3 Bxa3 33. Rxe5 Bb2 34. Re8+ Kg7 35. Rc8 Bxc3 36. Kf3 Ba5 37. Bd1 Bc7 38. Rxc7 0-1

[Event "Medellin Aristizabal Cup"]
[Site "Medellin"]
[Date "2016.05.21"]
[Round "5"]
[White "Yepez, Yeison Alexander"]
[Black "Martinez, Jorge Alexander"]
[Result "0-1"]
[WhiteElo "1906"]
[BlackElo "2204"]
[PlyCount "58"]
[EventDate "2016.05.18"]
[EventType "swiss"]
[EventRounds "7"]
[EventCountry "COL"]
[SourceTitle "CBM 172 Extra"]
[Source "ChessBase"]
[SourceDate "2016.06.21"]
[SourceVersion "1"]
[SourceVersionDate "2016.06.21"]
[SourceQuality "1"]

1. d4 Nf6 2. c4 c5 3. d5 b5 4. cxb5 a6 5. bxa6 Bxa6 6. Nc3 d6 7. e4 Bxf1 8. Kxf1 g6 9. g3 Bg7 10. Kg2 0-0 11. Nf3 Nbd7 12. h3 Qc7 13. Rb1 Rfb8 14. b3 Rb4 15. a3 Nxe4 16. axb4 Nxc3 17. Qc2 Nxb1 18. Qxb1 cxb4 19. Qe4 Nc5 20. Qxb4 Rb8 21. Qc4 Rxb3 22. Be3 Rc3 23. Qb5 Qc8 24. Nd4 h5 25. Nc6 Qd7 26. Ra1 Kh7 27. Ra8 Qf5 28. Nb4 Qe4+ 29. Kh2 h4 0-1

[Event "Medellin Segunda Antioquia op"]
[Site "Medellin"]
[Date "2016.04.17"]
[Round "7.3"]
[White "Yepez, Yeison Alexander"]
[Black "Martinez, Mauricio"]
[Result "1-0"]
[WhiteElo "1820"]
[BlackElo "1961"]
[PlyCount "72"]
[EventDate "2016.04.13"]
[EventType "swiss"]
[EventRounds "7"]
[EventCountry "COL"]
[SourceTitle "EXT 2024"]
[Source "ChessBase"]
[SourceDate "2023.10.10"]
[SourceVersion "1"]
[SourceVersionDate "2023.10.10"]
[SourceQuality "1"]

1. d4 d5 2. c4 e6 3. Nc3 Nf6 4. cxd5 exd5 5. Bg5 Nbd7 6. e3 c6 7. Bd3 Be7 8. Nge2 Ne4 9. Bxe7 Qxe7 10. Bxe4 dxe4 11. Ng3 0-0 12. Ngxe4 f5 13. Nd2 c5 14. Qb3+ Kh8 15. 0-0-0 cxd4 16. exd4 Nb6 17. Nf3 Bd7 18. Rhe1 Qf6 19. Kb1 a5 20. Ne5 Be8 21. a3 h6 22. d5 Rd8 23. Rd4 Qd6 24. f4 Kh7 25. Rc1 Rb8 26. Ka1 g5 27. g3 gxf4 28. gxf4 h5 29. Nb5 Bxb5 30. Qxb5 a4 31. Qc5 Qxc5 32. Rxc5 Rf6 33. Rc7+ Kg8 34. Rd3 Kf8 35. d6 Ke8 36. Rh7 Rd8 1-0

[Event "Medellin Flores op 22nd"]
[Site "Medellin"]
[Date "2015.08.07"]
[Round "5"]
[White "Yepez, Yeison Alexander"]
[Black "Gomez Vasquez, Laura Sofia"]
[Result "1-0"]
[WhiteElo "1851"]
[BlackElo "1625"]
[PlyCount "52"]
[EventDate "2015.08.05"]
[EventType "swiss"]
[EventRounds "9"]
[EventCountry "COL"]
[SourceTitle "EXT 2016"]
[Source "ChessBase"]
[SourceDate "2015.10.08"]
[SourceVersion "1"]
[SourceVersionDate "2015.10.08"]
[SourceQuality "1"]

1. d4 d5 2. c4 e6 3. Nc3 Nf6 4. cxd5 exd5 5. Bg5 Be7 6. e3 c6 7. Qc2 0-0 8. Bd3 h6 9. Bh4 b6 10. Nge2 Bb7 11. 0-0 Qc7 12. Bxf6 Bxf6 13. Nxd5 Qd6 14. Nxf6+ Qxf6 15. Rac1 Nd7 16. Be4 Rac8 17. Bf3 Rfe8 18. Nc3 Ba6 19. Rfd1 Bb7 20. Qa4 a5 21. Qa3 Ra8 22. Ne4 Qe6 23. Nd6 Reb8 24. Nxb7 Rxb7 25. Bxc6 Rbb8 26. Bxa8 Rxa8 1-0

[Event "Pan American-ch U18"]
[Site "Cali"]
[Date "2015.07.03"]
[Round "9"]
[White "Yepez, Yeison Alexander"]
[Black "Cisneros Avendano, Diego Martin"]
[Result "0-1"]
[WhiteElo "1875"]
[BlackElo "2008"]
[PlyCount "32"]
[EventDate "2015.06.28"]
[EventType "swiss"]
[EventRounds "9"]
[EventCountry "COL"]
[SourceTitle "EXT 2016"]
[Source "ChessBase"]
[SourceDate "2015.10.08"]
[SourceVersion "1"]
[SourceVersionDate "2015.10.08"]
[SourceQuality "1"]

1. d4 e6 2. c4 Nf6 3. Nf3 Bb4+ 4. Bd2 Qe7 5. Qc2 Bxd2+ 6. Nbxd2 d6 7. e3 0-0 8. Bd3 h6 9. 0-0-0 c5 10. dxc5 dxc5 11. Ne5 Qc7 12. Ndf3 Nbd7 13. Nxd7 Bxd7 14. Rhe1 Bc6 15. Kb1 Rfd8 16. Ka1 a6 0-1

[Event "Pan American-ch U18"]
[Site "Cali"]
[Date "2015.06.28"]
[Round "1"]
[White "Yepez, Yeison Alexander"]
[Black "Blandon, Luis Guillermo"]
[Result "0-1"]
[WhiteElo "1875"]
[BlackElo "2182"]
[PlyCount "78"]
[EventDate "2015.06.28"]
[EventType "swiss"]
[EventRounds "9"]
[EventCountry "COL"]
[SourceTitle "EXT 2016"]
[Source "ChessBase"]
[SourceDate "2015.10.08"]
[SourceVersion "1"]
[SourceVersionDate "2015.10.08"]
[SourceQuality "1"]

1. d4 Nf6 2. c4 g6 3. Nc3 Bg7 4. e4 d6 5. Nf3 0-0 6. Be2 e5 7. d5 a5 8. Bg5 Na6 9. Nd2 Bd7 10. 0-0 Qe8 11. b3 h6 12. Be3 Nh7 13. Rc1 f5 14. exf5 gxf5 15. f3 Qg6 16. Bf2 Nf6 17. Re1 h5 18. a3 Bh6 19. Rb1 Kh8 20. Qc2 Qg5 21. Rb2 h4 22. Kh1 Nh5 23. Nf1 Rf7 24. Be3 Qg6 25. Bxh6 Qxh6 26. Qd2 Nf4 27. Ne3 Rg8 28. Bf1 Nh5 29. Ned1 Qh7 30. Nf2 Rfg7 31. Ne2 Nc5 32. Ng1 a4 33. bxa4 Bxa4 34. Qc3 Bd7 35. Qe3 Nf4 36. Nd3 Ncxd3 37. Bxd3 Nxg2 38. Rxg2 Rxg2 39. c5 Qg7 0-1

[Event "Medellin Castro Memorial"]
[Site "Medellin"]
[Date "2015.05.01"]
[Round "2"]
[White "Cifuentes, John Jairo"]
[Black "Yepez, Yeison Alexander"]
[Result "1-0"]
[WhiteElo "2199"]
[BlackElo "1926"]
[PlyCount "77"]
[EventDate "2015.04.30"]
[EventType "swiss"]
[EventRounds "7"]
[EventCountry "COL"]
[SourceTitle "CBM 166 Extra"]
[Source "ChessBase"]
[SourceDate "2015.06.18"]
[SourceVersion "1"]
[SourceVersionDate "2015.06.18"]
[SourceQuality "1"]

1. Nf3 Nf6 2. g3 e6 3. Bg2 Be7 4. 0-0 0-0 5. c4 c5 6. Nc3 Nc6 7. d4 cxd4 8. Nxd4 Qb6 9. Ndb5 a6 10. Be3 Qa5 11. Nd6 Qb4 12. c5 Ng4 13. Bf4 Qxc5 14. e4 Nge5 15. Nxc8 Raxc8 16. Nd5 exd5 17. exd5 Ng6 18. dxc6 dxc6 19. Be3 Qa5 20. Qd7 Rc7 21. Qg4 Bc5 22. Qh5 Bb6 23. Qxa5 Bxa5 24. Bc5 Rd7 25. b4 Bc7 26. Bxf8 Kxf8 27. Rad1 Ne5 28. Rxd7 Nxd7 29. Bh3 Nb6 30. Rd1 Ke7 31. a4 Bd6 32. a5 Nd5 33. b5 axb5 34. Bc8 Kd8 35. Bxb7 Kc7 36. a6 Bb4 37. Bxc6 Kxc6 38. Rxd5 Kb6 39. Rxb5+ 1-0

[Event "Departamental Tercera Antioquia"]
[Site "Medellin"]
[Date "2014.02.25"]
[Round "2.8"]
[White "Yepez, Yeison Alexander"]
[Black "Llano Buritica, Eduardo Alejandro"]
[Result "0-1"]
[WhiteElo "1418"]
[BlackElo "1691"]
[PlyCount "52"]
[EventDate "2014.02.24"]
[EventType "swiss"]
[EventRounds "7"]
[EventCountry "COL"]
[SourceTitle "EXT 2024"]
[Source "ChessBase"]
[SourceDate "2023.10.10"]
[SourceVersion "1"]
[SourceVersionDate "2023.10.10"]
[SourceQuality "1"]

1. d4 Nf6 2. c4 c5 3. d5 b5 4. cxb5 a6 5. bxa6 Bxa6 6. Nc3 d6 7. Nf3 g6 8. e4 Bxf1 9. Kxf1 Bg7 10. g3 0-0 11. Kg2 Nbd7 12. Re1 Ra6 13. Re2 Qa8 14. Rc2 e6 15. Bf4 Nh5 16. Be3 Rb8 17. Rac1 Bxc3 18. bxc3 Ndf6 19. c4 exd5 20. exd5 Rxa2 21. Qe2 Ra3 22. Nd2 Re8 23. Qf3 Nd7 24. Rb1 Ne5 25. Qe2 Nd3 26. h4 Nhf4+ 0-1